| 000 | 00655nam a22002057a 4500 | ||
|---|---|---|---|
| 001 | 29970 | ||
| 003 | BD-RjUL | ||
| 005 | 20211209051505.0 | ||
| 008 | 140408s1958 xx aco | |||| 000 0 eng d | ||
| 035 | _a(BD-RjUL)30055 | ||
| 040 |
_aBD-RjUL _beng _cBD-RjUL |
||
| 041 | _aeng | ||
| 082 | 0 | 4 |
_a133.8 _bSHT [1958] |
| 100 | 1 |
_a Shu, Heng Shan. _991195 |
|
| 245 |
_aThe truths of spiritual studies, clairvoyance : _bthe great way, delivering the truth / _cShu Heng Shan ; translated by Fan Wing Kong. |
||
| 260 |
_aS.l. : _bs.n., _c[1958] |
||
| 300 |
_a 155 p., [6] p. of plates : _b col. ill. ; _c22 cm. |
||
| 650 | 7 |
_aClairvoyance. _991196 |
|
| 942 |
_2ddc _cBK |
||
| 999 |
_c29970 _d29970 |
||